| 000 | 01555nam a22003617a 4500 | ||
|---|---|---|---|
| 003 | OSt | ||
| 005 | 20260330163858.0 | ||
| 008 | 260330b ||||| |||| 00| 0 eng d | ||
| 020 |
_a9789834258474 _qhardback |
||
| 040 |
_aJMG _beng _cJMG _erda |
||
| 082 | 0 | 4 |
_a354.3409595 _223 |
| 245 | 0 | 0 |
_aFROM BORDERS TO BOUNDARIES : _bThe JUPEM Story / _cEditors SR BERNARD SIA SIEW FANG, SR ENGKU MOHD ADLIN BIN ENGKU HABIB, SR HJ. KAMARUL AZAM BIN KAMARUL BAHARIN, SR SIM CHING YEN, SR NAWI BINTI ABDULLAH, SR MOHAMAD FUAD BIN KAHAR, MOHD RIDWAN BIN LATIF, MOHD HAFIZ BIN MAT ARIPIN, HASNAN BIN HUSSIN |
| 264 |
_aKUALA LUMPUR : _bJabatan Ukur dan Pemetaan Malaysia, _c2017 |
||
| 300 |
_a81 pages : _bcolour photographs ; _c26 cm |
||
| 336 |
_atext _2rdacontent |
||
| 336 |
_astill image _2rdacontent |
||
| 337 |
_aunmediated _2rdamedia |
||
| 338 |
_a volume _2 rdacarrier |
||
| 610 | 1 | 4 |
_aMalaysia. _bJabatan Ukur dan Pemetaan |
| 650 | 1 | 0 |
_aCartography _zMalaysia |
| 650 | 2 | 0 |
_aSurveying _zMalaysia |
| 650 | 2 | 0 |
_aGovernment publications _zMalaysia |
| 700 | 1 |
_aSia, Bernard, Siew Fang, _eeditor. |
|
| 700 | 0 |
_aEngku Mohd. Adlin Engku Habib, _e editor. |
|
| 700 | 0 |
_aKamarul Azam Kamarul Baharin, _eeditor. |
|
| 700 | 1 |
_aSim, Ching Yen, _eeditor. |
|
| 700 | 0 |
_aNawi Abdullah, _eeditor. |
|
| 700 | 0 |
_aMohamad Fuad Kahar, _eeditor. |
|
| 700 | 0 |
_aMohd. Ridwan Latif, _eeditor. |
|
| 700 | 0 |
_aMohd. Hafiz Mat Aripin, _eeditor. |
|
| 700 | 0 |
_aHasnan Hussin, _eeditor. |
|
| 942 |
_2ddc _cBK _e23 _h354.3409595 |
||
| 999 |
_c27179 _d27179 |
||